Val de Marne - Mort subite - Statistiques

Statistiques générales
  • Ce quiz a été pris 107 fois
  • Le résultat moyen est 3 sur 13
Answers on the Grid
Answers color-coded by a green-red scale on the quiz's grid according to % correct below.
Aéroport d'Orly
Pelouse de Reuilly
Parc Kellermann
Bérault
Marolles en Brie
Noisy le Grand
Villa Nova
Montgeron - Crosne RER
Roissy en Brie
Val Pompadour
Pince Vent
Emerainville - Pontault-Combault RER
Lac de Créteil
Fort de Montrouge
Forêt domaniale de Sénart
Liberté
Parc des Gondoles
Domaine de Grosbois
Bois de Vincennes
Hôpital Henri Mondor
Cité Universitaire
Bois des Yvris
La Belle Epine
Wissous
Athis-Mons
 
Statistiques - réponses
Réponse % Correct
Aéroport d'Orly
74%
Lac de Créteil
50%
Val Pompadour
33%
La Belle Epine
31%
Marolles en Brie
31%
Liberté
24%
Hôpital Henri Mondor
21%
Bérault
17%
Pince Vent
14%
Villa Nova
10%
Domaine de Grosbois
9%
Fort de Montrouge
9%
Parc des Gondoles
7%
Aucun quiz correspondant
Distribution des résultats
% des personnes avec chaque résultat
Percentile par nombre de réponses
Votre historique - résultats
Vous n’avez pas pris ce quiz